[Event "DVM U16 2018"]
[Site "Aurich GER"]
[Date "2018.12.27"]
[Round "2"]
[White "Stelmaszyk, Nico"]
[Black "Nguyen, Alex Dac-Vuong"]
[Result "0-1"]
[Termination "normal"]
[Board "3.1"]
[WhiteElo "1902"]
[BlackElo "2201"]
[WhiteClock "00:09:37"]
[BlackClock "00:39:49"]
[WhiteTeam "SK Lehrte"]
[BlackTeam "SG Leipzig"]
[PlyCount "114"]
[WhiteFideId "16200462"]
[BlackFideId "12984388"]
[EventCountry "GER"]
[EventRounds "7"]
[EventType "team-swiss"]
[EventDate "2018.12.26"]

1. e4 {[%clk 01:30:57]} {[%emt 00:00:02]} e6 {[%clk 01:30:55]} {[%emt
00:00:05]} 2. Nf3 {[%clk 01:31:23]} {[%emt 00:00:05]} d5 {[%clk 01:31:20]}
{[%emt 00:00:05]} 3. Nc3 {[%clk 01:31:49]} {[%emt 00:00:04]} Nf6 {[%clk
01:29:41]} {[%emt 00:02:09]} 4. e5 {[%clk 01:32:13]} {[%emt 00:00:06]} Nfd7
{[%clk 01:30:06]} {[%emt 00:00:05]} 5. d4 {[%clk 01:32:37]} {[%emt 00:00:06]}
Be7 {[%clk 01:30:19]} {[%emt 00:00:16]} 6. Bd3 {[%clk 01:30:29]} {[%emt
00:02:39]} c5 {[%clk 01:30:31]} {[%emt 00:00:18]} 7. dxc5 {[%clk 01:30:53]}
{[%emt 00:00:06]} Nc6 {[%clk 01:30:55]} {[%emt 00:00:07]} 8. Bf4 {[%clk
01:31:17]} {[%emt 00:00:07]} Nxc5 {[%clk 01:30:23]} {[%emt 00:01:01]} 9. O-O
{[%clk 01:29:37]} {[%emt 00:02:10]} O-O {[%clk 01:30:20]} {[%emt 00:00:32]} 10.
Qe2 {[%clk 01:24:58]} {[%emt 00:05:10]} Bd7 {[%clk 01:25:24]} {[%emt 00:05:25]}
11. a3 {[%clk 01:20:57]} {[%emt 00:04:32]} Rc8 {[%clk 01:24:01]} {[%emt
00:01:52]} 12. Nb5 {[%clk 01:18:26]} {[%emt 00:03:02]} Nxd3 {[%clk 01:21:06]}
{[%emt 00:03:25]} 13. Qxd3 {[%clk 01:18:47]} {[%emt 00:00:09]} a6 {[%clk
01:17:44]} {[%emt 00:03:52]} 14. Nbd4 {[%clk 01:17:54]} {[%emt 00:01:23]} Qc7
{[%clk 01:15:40]} {[%emt 00:02:33]} 15. Nxc6 {[%clk 01:13:55]} {[%emt
00:04:31]} Qxc6 {[%clk 01:14:56]} {[%emt 00:01:14]} 16. c3 {[%clk 01:10:11]}
{[%emt 00:04:15]} Qa4 {[%clk 01:08:37]} {[%emt 00:06:47]} 17. Qd2 {[%clk
01:00:08]} {[%emt 00:10:33]} Rfe8 {[%clk 01:07:11]} {[%emt 00:01:55]} 18. Rfd1
{[%clk 00:56:53]} {[%emt 00:03:46]} Bb5 {[%clk 01:05:54]} {[%emt 00:01:46]} 19.
Bg5 {[%clk 00:50:30]} {[%emt 00:06:54]} Bf8 {[%clk 01:05:56]} {[%emt 00:00:28]}
20. Nd4 {[%clk 00:47:06]} {[%emt 00:03:53]} Qc4 {[%clk 01:01:39]} {[%emt
00:04:48]} 21. Re1 {[%clk 00:38:15]} {[%emt 00:09:21]} Qd3 {[%clk 00:56:48]}
{[%emt 00:05:21]} 22. Rad1 {[%clk 00:34:45]} {[%emt 00:04:00]} Qxd2 {[%clk
00:56:57]} {[%emt 00:00:21]} 23. Rxd2 {[%clk 00:35:08]} {[%emt 00:00:07]} Rc4
{[%clk 00:56:28]} {[%emt 00:00:57]} 24. Be3 {[%clk 00:26:05]} {[%emt 00:09:34]}
Bd7 {[%clk 00:53:55]} {[%emt 00:03:03]} 25. f4 {[%clk 00:23:45]} {[%emt
00:02:51]} a5 {[%clk 00:40:41]} {[%emt 00:13:43]} 26. Nb3 {[%clk 00:20:02]}
{[%emt 00:04:13]} Ra8 {[%clk 00:40:16]} {[%emt 00:00:56]} 27. Rd4 {[%clk
00:14:58]} {[%emt 00:05:33]} Rc6 {[%clk 00:35:41]} {[%emt 00:05:05]} 28. Rd2
{[%clk 00:12:29]} {[%emt 00:03:00]} b5 {[%clk 00:34:43]} {[%emt 00:01:28]} 29.
Ra1 {[%clk 00:09:52]} {[%emt 00:03:06]} Rc4 {[%clk 00:32:05]} {[%emt 00:03:08]}
30. Rd4 {[%clk 00:09:00]} {[%emt 00:01:23]} Rc7 {[%clk 00:30:59]} {[%emt
00:01:34]} 31. Rd2 {[%clk 00:08:03]} {[%emt 00:01:28]} Rc4 {[%clk 00:31:11]}
{[%emt 00:00:17]} 32. Rd4 {[%clk 00:08:28]} {[%emt 00:00:06]} Rcc8 {[%clk
00:31:35]} {[%emt 00:00:06]} 33. Rd2 {[%clk 00:08:21]} {[%emt 00:00:37]} Ra6
{[%clk 00:25:43]} {[%emt 00:06:21]} 34. Bd4 {[%clk 00:06:33]} {[%emt 00:02:19]}
Be7 {[%clk 00:24:19]} {[%emt 00:01:54]} 35. Rdd1 {[%clk 00:04:59]} {[%emt
00:02:05]} f6 {[%clk 00:21:08]} {[%emt 00:03:41]} 36. exf6 {[%clk 00:03:16]}
{[%emt 00:02:13]} gxf6 {[%clk 00:21:32]} {[%emt 00:00:05]} 37. Rd3 {[%clk
00:03:18]} {[%emt 00:00:28]} Be8 {[%clk 00:20:59]} {[%emt 00:01:03]} 38. Re1
{[%clk 00:01:58]} {[%emt 00:01:51]} Bg6 {[%clk 00:21:05]} {[%emt 00:00:23]} 39.
Rg3 {[%clk 00:01:04]} {[%emt 00:01:24]} Kf7 {[%clk 00:21:27]} {[%emt 00:00:08]}
40. Nd2 {[%clk 00:00:48]} {[%emt 00:00:46]} Bd6 {[%clk 00:18:41]} {[%emt
00:03:15]} 41. Rf3 {[%clk 00:26:16]} {[%emt 00:05:03]} Rg8 {[%clk 00:41:47]}
{[%emt 00:07:23]} 42. h3 {[%clk 00:17:24]} {[%emt 00:09:23]} h5 {[%clk
00:41:51]} {[%emt 00:00:25]} 43. Kf2 {[%clk 00:17:18]} {[%emt 00:00:36]} h4
{[%clk 00:40:37]} {[%emt 00:01:44]} 44. Ke3 {[%clk 00:13:07]} {[%emt 00:04:41]}
Bh5 {[%clk 00:40:31]} {[%emt 00:00:36]} 45. Rf2 {[%clk 00:10:58]} {[%emt
00:02:39]} Rg3+ {[%clk 00:40:46]} {[%emt 00:00:14]} 46. Nf3 {[%clk 00:11:15]}
{[%emt 00:00:14]} e5 {[%clk 00:39:53]} {[%emt 00:01:23]} 47. fxe5 {[%clk
00:11:42]} {[%emt 00:00:04]} fxe5 {[%clk 00:40:16]} {[%emt 00:00:07]} 48. Kd2
{[%clk 00:11:38]} {[%emt 00:00:35]} Bxf3 {[%clk 00:40:35]} {[%emt 00:00:10]}
49. Bxe5 {[%clk 00:11:48]} {[%emt 00:00:19]} Rxg2 {[%clk 00:40:53]} {[%emt
00:00:13]} 50. Bd4 {[%clk 00:11:21]} {[%emt 00:00:57]} Bf4+ {[%clk 00:39:36]}
{[%emt 00:01:47]} 51. Kc2 {[%clk 00:10:23]} {[%emt 00:01:29]} Bg3 {[%clk
00:38:54]} {[%emt 00:01:12]} 52. Rxg2 {[%clk 00:10:39]} {[%emt 00:00:14]} Bxg2
{[%clk 00:39:19]} {[%emt 00:00:05]} 53. Re2 {[%clk 00:09:21]} {[%emt 00:01:48]}
Bxh3 {[%clk 00:39:37]} {[%emt 00:00:12]} 54. Bf2 {[%clk 00:09:42]} {[%emt
00:00:09]} Rf6 {[%clk 00:39:20]} {[%emt 00:00:45]} 55. Bc5 {[%clk 00:09:37]}
{[%emt 00:00:37]} Bf5+ {[%clk 00:39:40]} {[%emt 00:00:11]} 56. Kb3 {[%clk
00:10:00]} {[%emt 00:00:06]} Be6 {[%clk 00:39:27]} {[%emt 00:00:43]} 57. Rc2
{[%clk 00:09:37]} {[%emt 00:00:53]} d4+ {[%clk 00:39:49]} {[%emt 00:00:08]} 0-1

[Event "DVM U16 2018"]
[Site "Aurich GER"]
[Date "2018.12.27"]
[Round "2"]
[White "Faßhauer, Jacob"]
[Black "Meiwes, Thore"]
[Result "1-0"]
[Termination "normal"]
[Board "3.2"]
[WhiteElo "2062"]
[BlackElo "1959"]
[WhiteClock "00:36:54"]
[BlackClock "00:29:52"]
[WhiteTeam "SG Leipzig"]
[BlackTeam "SK Lehrte"]
[PlyCount "91"]
[WhiteFideId "12990167"]
[BlackFideId "16201256"]
[EventCountry "GER"]
[EventRounds "7"]
[EventType "team-swiss"]
[EventDate "2018.12.26"]

1. e4 {[%clk 01:30:58]} {[%emt 00:00:01]} c5 {[%clk 01:30:54]} {[%emt
00:00:06]} 2. c3 {[%clk 01:31:18]} {[%emt 00:00:10]} Nf6 {[%clk 01:31:18]}
{[%emt 00:00:05]} 3. e5 {[%clk 01:31:34]} {[%emt 00:00:16]} Nd5 {[%clk
01:31:41]} {[%emt 00:00:07]} 4. d4 {[%clk 01:31:48]} {[%emt 00:00:15]} cxd4
{[%clk 01:32:02]} {[%emt 00:00:10]} 5. cxd4 {[%clk 01:32:09]} {[%emt 00:00:09]}
d6 {[%clk 01:32:16]} {[%emt 00:00:15]} 6. Nf3 {[%clk 01:31:12]} {[%emt
00:01:27]} Nc6 {[%clk 01:32:30]} {[%emt 00:00:16]} 7. Bc4 {[%clk 01:31:01]}
{[%emt 00:00:41]} Nb6 {[%clk 01:32:53]} {[%emt 00:00:07]} 8. Bb5 {[%clk
01:30:31]} {[%emt 00:01:00]} dxe5 {[%clk 01:33:10]} {[%emt 00:00:13]} 9. Nxe5
{[%clk 01:30:19]} {[%emt 00:00:43]} Bd7 {[%clk 01:33:29]} {[%emt 00:00:10]} 10.
Nxd7 {[%clk 01:29:55]} {[%emt 00:00:54]} Qxd7 {[%clk 01:33:48]} {[%emt
00:00:11]} 11. Nc3 {[%clk 01:19:51]} {[%emt 00:10:34]} e6 {[%clk 01:34:12]}
{[%emt 00:00:07]} 12. O-O {[%clk 01:19:28]} {[%emt 00:00:52]} Be7 {[%clk
01:34:36]} {[%emt 00:00:06]} 13. Qg4 {[%clk 01:12:23]} {[%emt 00:07:34]} O-O
{[%clk 01:32:52]} {[%emt 00:02:15]} 14. Rd1 {[%clk 01:11:52]} {[%emt 00:01:00]}
Rfd8 {[%clk 01:30:28]} {[%emt 00:02:53]} 15. Bf4 {[%clk 00:57:56]} {[%emt
00:14:27]} Nd5 {[%clk 01:24:55]} {[%emt 00:06:03]} 16. Bg3 {[%clk 00:50:17]}
{[%emt 00:08:04]} Rac8 {[%clk 01:21:28]} {[%emt 00:04:01]} 17. Rac1 {[%clk
00:48:15]} {[%emt 00:02:30]} Nf6 {[%clk 01:14:32]} {[%emt 00:07:28]} 18. Qf3
{[%clk 00:40:07]} {[%emt 00:08:38]} a6 {[%clk 01:14:50]} {[%emt 00:00:13]} 19.
Bxc6 {[%clk 00:39:24]} {[%emt 00:01:13]} Rxc6 {[%clk 01:10:28]} {[%emt
00:04:52]} 20. Be5 {[%clk 00:34:00]} {[%emt 00:05:53]} Qc8 {[%clk 01:00:48]}
{[%emt 00:10:10]} 21. Qg3 {[%clk 00:27:45]} {[%emt 00:06:44]} Bd6 {[%clk
00:52:44]} {[%emt 00:08:36]} 22. Rb1 {[%clk 00:21:56]} {[%emt 00:06:19]} b5
{[%clk 00:47:55]} {[%emt 00:05:19]} 23. a3 {[%clk 00:17:35]} {[%emt 00:04:50]}
Qc7 {[%clk 00:33:19]} {[%emt 00:15:06]} 24. h3 {[%clk 00:15:30]} {[%emt
00:02:35]} Rc8 {[%clk 00:27:29]} {[%emt 00:06:20]} 25. Rd3 {[%clk 00:14:15]}
{[%emt 00:01:43]} Qe7 {[%clk 00:18:52]} {[%emt 00:09:09]} 26. Rbd1 {[%clk
00:11:29]} {[%emt 00:03:16]} b4 {[%clk 00:14:15]} {[%emt 00:05:07]} 27. axb4
{[%clk 00:09:46]} {[%emt 00:02:13]} Bxb4 {[%clk 00:13:23]} {[%emt 00:01:22]}
28. d5 {[%clk 00:08:46]} {[%emt 00:01:29]} Nh5 {[%clk 00:10:46]} {[%emt
00:03:07]} 29. Qg4 {[%clk 00:08:37]} {[%emt 00:00:38]} Bxc3 {[%clk 00:06:45]}
{[%emt 00:04:32]} 30. Bxc3 {[%clk 00:07:53]} {[%emt 00:01:15]} Rxc3 {[%clk
00:06:54]} {[%emt 00:00:20]} 31. Rxc3 {[%clk 00:08:12]} {[%emt 00:00:11]} Rxc3
{[%clk 00:07:17]} {[%emt 00:00:07]} 32. bxc3 {[%clk 00:08:40]} {[%emt
00:00:03]} Nf6 {[%clk 00:07:31]} {[%emt 00:00:15]} 33. Qc4 {[%clk 00:07:57]}
{[%emt 00:01:12]} exd5 {[%clk 00:07:18]} {[%emt 00:00:43]} 34. Qc8+ {[%clk
00:08:11]} {[%emt 00:00:07]} Qf8 {[%clk 00:07:36]} {[%emt 00:00:21]} 35. Qxf8+
{[%clk 00:07:46]} {[%emt 00:00:55]} Kxf8 {[%clk 00:08:01]} {[%emt 00:00:06]}
36. f3 {[%clk 00:08:13]} {[%emt 00:00:03]} Ke7 {[%clk 00:06:16]} {[%emt
00:02:14]} 37. Ra1 {[%clk 00:08:32]} {[%emt 00:00:11]} h5 {[%clk 00:05:02]}
{[%emt 00:01:44]} 38. Rxa6 {[%clk 00:08:40]} {[%emt 00:00:22]} Nd7 {[%clk
00:03:51]} {[%emt 00:01:40]} 39. Kf2 {[%clk 00:08:16]} {[%emt 00:00:52]} Nf8
{[%clk 00:03:28]} {[%emt 00:00:55]} 40. Ke3 {[%clk 00:07:12]} {[%emt 00:01:33]}
Ne6 {[%clk 00:03:52]} {[%emt 00:00:08]} 41. f4 {[%clk 00:06:08]} {[%emt
00:01:34]} f5 {[%clk 00:02:30]} {[%emt 00:01:52]} 42. Ra7+ {[%clk 00:05:57]}
{[%emt 00:00:41]} Kf6 {[%clk 00:29:19]} {[%emt 00:03:40]} 43. Rd7 {[%clk
00:36:12]} {[%emt 00:00:07]} g5 {[%clk 00:29:40]} {[%emt 00:00:17]} 44. fxg5+
{[%clk 00:36:23]} {[%emt 00:00:20]} Ke5 {[%clk 00:29:30]} {[%emt 00:00:39]} 45.
Re7 {[%clk 00:36:32]} {[%emt 00:00:17]} f4+ {[%clk 00:29:52]} {[%emt 00:00:13]}
46. Kf3 {[%clk 00:36:54]} {[%emt 00:00:03]} 1-0

[Event "DVM U16 2018"]
[Site "Aurich GER"]
[Date "2018.12.27"]
[Round "2"]
[White "Reimer, Philip"]
[Black "Haufe, Laurin"]
[Result "0-1"]
[Termination "normal"]
[Board "3.3"]
[WhiteElo "1666"]
[BlackElo "1966"]
[WhiteClock "00:14:35"]
[BlackClock "01:06:40"]
[WhiteTeam "SK Lehrte"]
[BlackTeam "SG Leipzig"]
[PlyCount "70"]
[WhiteFideId "16235860"]
[BlackFideId "12976504"]
[EventCountry "GER"]
[EventRounds "7"]
[EventType "team-swiss"]
[EventDate "2018.12.26"]

1. e4 {[%clk 01:30:56]} {[%emt 00:00:02]} c5 {[%clk 01:30:54]} {[%emt
00:00:07]} 2. Nf3 {[%clk 01:31:25]} {[%emt 00:00:02]} d6 {[%clk 01:31:18]}
{[%emt 00:00:06]} 3. d4 {[%clk 01:31:54]} {[%emt 00:00:02]} cxd4 {[%clk
01:31:41]} {[%emt 00:00:06]} 4. Nxd4 {[%clk 01:32:22]} {[%emt 00:00:01]} Nf6
{[%clk 01:32:04]} {[%emt 00:00:08]} 5. Nc3 {[%clk 01:32:52]} a6 {[%clk
01:32:27]} {[%emt 00:00:06]} 6. Bg5 {[%clk 01:33:19]} {[%emt 00:00:03]} Nbd7
{[%clk 01:32:51]} {[%emt 00:00:06]} 7. f4 {[%clk 01:33:36]} {[%emt 00:00:13]}
Qc7 {[%clk 01:33:07]} {[%emt 00:00:14]} 8. Qf3 {[%clk 01:33:30]} {[%emt
00:00:36]} h6 {[%clk 01:33:31]} {[%emt 00:00:07]} 9. Bxf6 {[%clk 01:30:42]}
{[%emt 00:03:17]} Nxf6 {[%clk 01:33:50]} {[%emt 00:00:10]} 10. O-O-O {[%clk
01:29:54]} {[%emt 00:01:19]} Bg4 {[%clk 01:34:04]} {[%emt 00:00:16]} 11. Qe3
{[%clk 01:22:23]} {[%emt 00:08:01]} Bxd1 {[%clk 01:34:13]} {[%emt 00:00:20]}
12. Ndb5 {[%clk 01:13:26]} {[%emt 00:09:27]} axb5 {[%clk 01:33:00]} {[%emt
00:01:44]} 13. Bxb5+ {[%clk 01:13:49]} {[%emt 00:00:07]} Nd7 {[%clk 01:33:21]}
{[%emt 00:00:09]} 14. Rxd1 {[%clk 01:10:39]} {[%emt 00:03:39]} e6 {[%clk
01:30:54]} {[%emt 00:02:57]} 15. e5 {[%clk 01:08:04]} {[%emt 00:03:05]} d5
{[%clk 01:29:52]} {[%emt 00:01:33]} 16. Nxd5 {[%clk 01:07:11]} {[%emt
00:01:23]} exd5 {[%clk 01:29:47]} {[%emt 00:00:35]} 17. e6 {[%clk 00:54:22]}
{[%emt 00:13:18]} O-O-O {[%clk 01:19:01]} {[%emt 00:11:16]} 18. exd7+ {[%clk
00:52:54]} {[%emt 00:01:58]} Kb8 {[%clk 01:19:16]} {[%emt 00:00:15]} 19. Rxd5
{[%clk 00:50:59]} {[%emt 00:02:26]} g5 {[%clk 01:18:49]} {[%emt 00:00:56]} 20.
Kb1 {[%clk 00:38:31]} {[%emt 00:12:57]} gxf4 {[%clk 01:15:58]} {[%emt
00:03:22]} 21. Qb3 {[%clk 00:33:02]} {[%emt 00:05:58]} Rg8 {[%clk 01:14:28]}
{[%emt 00:02:01]} 22. Ba6 {[%clk 00:25:51]} {[%emt 00:07:41]} Rxg2 {[%clk
01:12:39]} {[%emt 00:02:19]} 23. a3 {[%clk 00:25:44]} {[%emt 00:00:36]} Rg5
{[%clk 01:11:49]} {[%emt 00:01:21]} 24. Bb5 {[%clk 00:22:08]} {[%emt 00:04:05]}
Rxd5 {[%clk 01:11:18]} {[%emt 00:01:02]} 25. Qxd5 {[%clk 00:22:26]} {[%emt
00:00:11]} Qd6 {[%clk 01:11:07]} {[%emt 00:00:41]} 26. Qxf7 {[%clk 00:20:46]}
{[%emt 00:02:11]} Be7 {[%clk 01:11:29]} {[%emt 00:00:08]} 27. c3 {[%clk
00:19:10]} {[%emt 00:02:06]} Bf6 {[%clk 01:09:50]} {[%emt 00:02:09]} 28. Qh5
{[%clk 00:18:22]} {[%emt 00:01:18]} Qe5 {[%clk 01:06:18]} {[%emt 00:04:02]} 29.
Qxh6 {[%clk 00:18:04]} {[%emt 00:00:48]} Qxb5 {[%clk 01:06:17]} {[%emt
00:00:30]} 30. Qxf6 {[%clk 00:18:32]} {[%emt 00:00:03]} Qf1+ {[%clk 01:06:12]}
{[%emt 00:00:34]} 31. Ka2 {[%clk 00:18:55]} {[%emt 00:00:08]} Qc4+ {[%clk
01:06:27]} {[%emt 00:00:16]} 32. Kb1 {[%clk 00:18:50]} {[%emt 00:00:34]} Rxd7
{[%clk 01:06:28]} {[%emt 00:00:29]} 33. Qe5+ {[%clk 00:18:42]} {[%emt
00:00:38]} Qc7 {[%clk 01:06:46]} {[%emt 00:00:12]} 34. Qh5 {[%clk 00:17:39]}
{[%emt 00:01:33]} Qd6 {[%clk 01:06:35]} {[%emt 00:00:41]} 35. Qh3 {[%clk
00:14:35]} {[%emt 00:03:34]} Qd3+ {[%clk 01:06:40]} {[%emt 00:00:25]} 0-1

[Event "DVM U16 2018"]
[Site "Aurich GER"]
[Date "2018.12.27"]
[Round "2"]
[White "Enxing, Philemon"]
[Black "Dornieden, Jonas"]
[Result "1-0"]
[Termination "normal"]
[Board "3.4"]
[WhiteElo "1805"]
[BlackElo "1729"]
[WhiteClock "00:30:06"]
[BlackClock "00:41:10"]
[WhiteTeam "SG Leipzig"]
[BlackTeam "SK Lehrte"]
[PlyCount "93"]
[WhiteFideId "16217632"]
[BlackFideId "1336460"]
[EventCountry "GER"]
[EventRounds "7"]
[EventType "team-swiss"]
[EventDate "2018.12.26"]

1. e4 {[%clk 01:30:59]} c5 {[%clk 01:30:54]} {[%emt 00:00:06]} 2. c3 {[%clk
01:31:22]} {[%emt 00:00:07]} Nc6 {[%clk 01:30:44]} {[%emt 00:00:41]} 3. d4
{[%clk 01:31:27]} {[%emt 00:00:25]} cxd4 {[%clk 01:30:24]} {[%emt 00:00:49]} 4.
cxd4 {[%clk 01:31:45]} {[%emt 00:00:12]} d5 {[%clk 01:27:45]} {[%emt 00:03:09]}
5. exd5 {[%clk 01:31:03]} {[%emt 00:01:11]} Qxd5 {[%clk 01:27:38]} {[%emt
00:00:37]} 6. Nf3 {[%clk 01:31:14]} {[%emt 00:00:19]} e6 {[%clk 01:24:34]}
{[%emt 00:03:34]} 7. Nc3 {[%clk 01:29:59]} {[%emt 00:01:45]} Qd8 {[%clk
01:23:36]} {[%emt 00:01:28]} 8. Bc4 {[%clk 01:24:35]} {[%emt 00:05:54]} Nf6
{[%clk 01:21:46]} {[%emt 00:02:20]} 9. O-O {[%clk 01:24:06]} {[%emt 00:00:59]}
Be7 {[%clk 01:19:15]} {[%emt 00:03:01]} 10. a3 {[%clk 00:58:13]} {[%emt
00:26:23]} O-O {[%clk 01:17:18]} {[%emt 00:02:26]} 11. Qd3 {[%clk 00:52:19]}
{[%emt 00:06:25]} Qd7 {[%clk 01:10:37]} {[%emt 00:07:10]} 12. Rd1 {[%clk
00:45:45]} {[%emt 00:07:04]} Rd8 {[%clk 01:08:52]} {[%emt 00:02:16]} 13. b4
{[%clk 00:33:06]} {[%emt 00:13:09]} a6 {[%clk 01:02:59]} {[%emt 00:06:24]} 14.
Bb3 {[%clk 00:32:57]} {[%emt 00:00:38]} b5 {[%clk 00:57:40]} {[%emt 00:05:49]}
15. Bc2 {[%clk 00:29:07]} {[%emt 00:04:20]} Bb7 {[%clk 00:52:32]} {[%emt
00:05:37]} 16. Ne4 {[%clk 00:26:03]} {[%emt 00:03:34]} Nxd4 {[%clk 00:40:19]}
{[%emt 00:12:44]} 17. Nxf6+ {[%clk 00:18:22]} {[%emt 00:08:11]} Bxf6 {[%clk
00:40:40]} {[%emt 00:00:08]} 18. Nxd4 {[%clk 00:17:27]} {[%emt 00:01:25]} Bxd4
{[%clk 00:40:26]} {[%emt 00:00:45]} 19. Qxh7+ {[%clk 00:16:19]} {[%emt
00:01:38]} Kf8 {[%clk 00:40:50]} {[%emt 00:00:06]} 20. Qh8+ {[%clk 00:14:50]}
{[%emt 00:01:59]} Ke7 {[%clk 00:40:58]} {[%emt 00:00:21]} 21. Bg5+ {[%clk
00:15:04]} {[%emt 00:00:16]} Bf6 {[%clk 00:28:44]} {[%emt 00:12:44]} 22. Bxf6+
{[%clk 00:13:25]} {[%emt 00:02:10]} gxf6 {[%clk 00:28:02]} {[%emt 00:01:12]}
23. Rxd7+ {[%clk 00:13:44]} {[%emt 00:00:11]} Rxd7 {[%clk 00:27:48]} {[%emt
00:00:43]} 24. Qh5 {[%clk 00:12:30]} {[%emt 00:01:44]} Rg8 {[%clk 00:26:50]}
{[%emt 00:01:29]} 25. Qc5+ {[%clk 00:11:12]} {[%emt 00:01:47]} Ke8 {[%clk
00:25:30]} {[%emt 00:01:51]} 26. g3 {[%clk 00:11:16]} {[%emt 00:00:26]} Rg5
{[%clk 00:25:05]} {[%emt 00:00:55]} 27. Qc3 {[%clk 00:09:51]} {[%emt 00:01:55]}
Ke7 {[%clk 00:23:12]} {[%emt 00:02:23]} 28. Re1 {[%clk 00:09:52]} {[%emt
00:00:28]} Rh5 {[%clk 00:19:53]} {[%emt 00:03:50]} 29. Be4 {[%clk 00:08:59]}
{[%emt 00:01:23]} Bxe4 {[%clk 00:19:31]} {[%emt 00:00:52]} 30. Rxe4 {[%clk
00:09:24]} {[%emt 00:00:06]} Rhd5 {[%clk 00:19:15]} {[%emt 00:00:46]} 31. Re3
{[%clk 00:09:05]} {[%emt 00:00:48]} Rd1+ {[%clk 00:19:06]} {[%emt 00:00:38]}
32. Kg2 {[%clk 00:09:27]} {[%emt 00:00:08]} R1d5 {[%clk 00:18:38]} {[%emt
00:00:59]} 33. Kf3 {[%clk 00:08:12]} {[%emt 00:01:45]} Rd8 {[%clk 00:15:41]}
{[%emt 00:03:28]} 34. h4 {[%clk 00:08:03]} {[%emt 00:00:39]} Kf8 {[%clk
00:15:36]} {[%emt 00:00:34]} 35. Ke2 {[%clk 00:07:52]} {[%emt 00:00:42]} Kg7
{[%clk 00:15:13]} {[%emt 00:00:53]} 36. g4 {[%clk 00:05:36]} {[%emt 00:02:46]}
Kg6 {[%clk 00:13:52]} {[%emt 00:01:51]} 37. Kf3 {[%clk 00:05:09]} {[%emt
00:00:58]} e5 {[%clk 00:13:39]} {[%emt 00:00:44]} 38. Qc2+ {[%clk 00:04:52]}
{[%emt 00:00:47]} Kg7 {[%clk 00:13:31]} {[%emt 00:00:37]} 39. Kg3 {[%clk
00:04:43]} {[%emt 00:00:39]} Rd2 {[%clk 00:13:33]} {[%emt 00:00:27]} 40. Qf5
{[%clk 00:04:22]} {[%emt 00:00:51]} R2d4 {[%clk 00:13:20]} {[%emt 00:00:44]}
41. Rf3 {[%clk 00:03:35]} {[%emt 00:01:17]} R8d6 {[%clk 00:12:15]} {[%emt
00:01:35]} 42. g5 {[%clk 00:02:50]} {[%emt 00:01:15]} e4 {[%clk 00:12:14]}
{[%emt 00:00:31]} 43. gxf6+ {[%clk 00:02:56]} {[%emt 00:00:24]} Kf8 {[%clk
00:12:35]} {[%emt 00:00:08]} 44. Re3 {[%clk 00:02:45]} {[%emt 00:00:42]} Re6
{[%clk 00:12:03]} {[%emt 00:01:03]} 45. Kf4 {[%clk 00:30:08]} {[%emt 00:03:06]}
Rd2 {[%clk 00:40:53]} {[%emt 00:01:40]} 46. Qc5+ {[%clk 00:30:14]} {[%emt
00:00:23]} Ke8 {[%clk 00:41:10]} {[%emt 00:00:13]} 47. Rxe4 {[%clk 00:30:06]}
{[%emt 00:00:39]} 1-0

[Event "DVM U16 2018"]
[Site "Aurich GER"]
[Date "2018.12.27"]
[Round "2"]
[White "Post, Hugo"]
[Black "Pölt, Christoph"]
[Result "0-1"]
[Termination "normal"]
[Board "4.1"]
[WhiteElo "2104"]
[BlackElo "2075"]
[WhiteTeam "Reideburger SV 90 Halle"]
[BlackTeam "TV Tegernsee"]
[PlyCount "60"]
[WhiteFideId "12962490"]
[BlackFideId "12960853"]
[EventCountry "GER"]
[EventRounds "7"]
[EventType "team-swiss"]
[EventDate "2018.12.26"]

1. e4 c6 2. d4 d5 3. Nc3 dxe4 4. Nxe4 Bf5 5. Ng3 Bg6 6. h4 h6 7. h5 Bh7 8. Nf3
Nd7 9. Bd3 Bxd3 10. Qxd3 Ngf6 11. Bd2 e6 12. O-O-O Be7 13. Ne4 Qc7 14. g3 Nxe4
15. Qxe4 Nf6 16. Qe2 O-O-O 17. c4 c5 18. Ne5 Rxd4 19. Nxf7 Re4 20. Be3 Rf8 21.
f3 Rxf7 22. fxe4 Qxg3 23. Rhf1 Qe5 24. Qd3 Rf8 25. Rde1 Qxh5 26. Bf4 Nd7 27.
Rd1 Qe8 28. Qh3 Rxf4 29. Qxe6 Rxf1 30. Rxf1 Bg5 0-1

[Event "DVM U16 2018"]
[Site "Aurich GER"]
[Date "2018.12.27"]
[Round "2"]
[White "Schnegelberg, Christian"]
[Black "Henning, Marvin"]
[Result "1/2-1/2"]
[Termination "normal"]
[Board "4.2"]
[WhiteElo "1836"]
[BlackElo "1988"]
[WhiteTeam "TV Tegernsee"]
[BlackTeam "Reideburger SV 90 Halle"]
[PlyCount "81"]
[WhiteFideId "12994154"]
[BlackFideId "12957399"]
[EventCountry "GER"]
[EventRounds "7"]
[EventType "team-swiss"]
[EventDate "2018.12.26"]

1. d4 d6 2. c4 g6 3. Nc3 Bg7 4. Nf3 Nd7 5. e4 e6 6. Be2 Ne7 7. Be3 h6 8. Qd2 b6
9. O-O Bb7 10. Rad1 g5 11. Ne1 f5 12. Bh5+ Kf8 13. e5 Ba6 14. Nb5 Bxb5 15. cxb5
dxe5 16. dxe5 Nd5 17. Bf3 Nxe5 18. Bxd5 exd5 19. Qxd5 Qxd5 20. Rxd5 Ke7 21. Nc2
Rhd8 22. Rfd1 c5 23. bxc6 Nxc6 24. Rxd8 Rxd8 25. Rxd8 Kxd8 26. b3 Kd7 27. Kf1
Ke6 28. Ke2 Kd5 29. f3 f4 30. Bf2 b5 31. Kd3 a5 32. Bb6 Bb2 33. Bf2 h5 34. h3
Be5 35. Bb6 Bb2 36. Bf2 Ne5+ 37. Ke2 Bc3 38. Bb6 Nc6 39. Kd3 Bf6 40. Bf2 Ne5+
41. Ke2 1/2-1/2

[Event "DVM U16 2018"]
[Site "Aurich GER"]
[Date "2018.12.27"]
[Round "2"]
[White "Hundrieser, Malte"]
[Black "von Freymann, Franz"]
[Result "1-0"]
[Termination "normal"]
[Board "4.3"]
[WhiteElo "1988"]
[BlackElo "1819"]
[WhiteTeam "Reideburger SV 90 Halle"]
[BlackTeam "TV Tegernsee"]
[PlyCount "77"]
[WhiteFideId "12997153"]
[BlackFideId "12994014"]
[EventCountry "GER"]
[EventRounds "7"]
[EventType "team-swiss"]
[EventDate "2018.12.26"]

1. e4 c6 2. d4 d5 3. Nc3 dxe4 4. Nxe4 Bf5 5. Ng3 Bg6 6. h4 h6 7. Nf3 Nf6 8. h5
Bh7 9. Bd3 Bxd3 10. Qxd3 e6 11. Bd2 Nbd7 12. O-O-O Qc7 13. Kb1 c5 14. Ne4 c4
15. Qe2 Nxe4 16. Qxe4 Nf6 17. Qe2 Rc8 18. Ne5 Nd5 19. Rh3 Bd6 20. Rg3 Rg8 21.
Bxh6 f6 22. Qg4 fxe5 23. Qxe6+ Ne7 24. dxe5 Bxe5 25. Re1 Bxg3 26. Qxg8+ Kd7 27.
Qxg7 Bd6 28. Qg4+ Kd8 29. Qe6 Qd7 30. Qf6 Kc7 31. Bf4 Nd5 32. Bxd6+ Qxd6 33.
Qd4 Nb6 34. Qg7+ Kb8 35. g4 Rd8 36. a3 Na4 37. h6 c3 38. h7 Qd2 39. Qe5+ 1-0